000 00401nam a22001577a 4500
003 OSt
005 20260316112215.0
007 814 pages
008 260316b |||||||| |||| 00| 0 eng d
040 _c
082 _a620.112
_bKHU
245 _aText book of Strength of Materials
_bMechanics of solids
_cKhurmi,R.S
250 _a26
260 _bS.Chand
_c2023
942 _2ddc
_cBK
_e26
_k620.112
_mKHU
_n0
999 _c36329
_d36329